[Event "LTU-ch Rapid op"]
[Site "Vilnius"]
[Date "2021.07.17"]
[Round "8"]
[White "Sarakauskas, Gediminas"]
[Black "Armonaitis, Silvestras"]
[Result "1-0"]
[WhiteElo "2342"]
[BlackElo "2101"]
[PlyCount "93"]
[EventDate "2021.07.17"]
[EventType "swiss (rapid)"]
[EventRounds "9"]
[EventCountry "LTU"]
[SourceTitle "EXT 2023"]
[Source "ChessBase"]
[SourceDate "2022.10.05"]
[SourceVersion "1"]
[SourceVersionDate "2022.10.05"]
[SourceQuality "1"]

1. e4 e6 2. d4 d5 3. Nd2 Nc6 4. Ngf3 Nf6 5. e5 Nd7 6. Nb3 a5 7. a4 b6 8. h4 Be7 9. h5 Ba6 10. Bxa6 Rxa6 11. Rh3 Ra8 12. Qd2 h6 13. Rg3 Bf8 14. Qf4 Nb4 15. Kd1 Rc8 16. c3 Nd3 17. Qe3 Nxc1 18. Nxc1 c5 19. Nd3 Qc7 20. Nfe1 Rg8 21. Nf4 Be7 22. Qd3 Bg5 23. Nh3 Be7 24. Qh7 Kf8 25. Rf3 Bg5 26. Nxg5 hxg5 27. Qg6 Nf6 28. Qxg5 Ne4 29. Qe3 cxd4 30. cxd4 Qc4 31. Qd3 Ke7 32. Qa3+ Qb4 33. Qxb4+ axb4 34. Ke2 Rc4 35. Ke3 Ra8 36. Rf4 b3 37. Rg4 Kf8 38. f3 f5 39. exf6 Nxf6 40. Rh4 Raxa4 41. Rxa4 Rxa4 42. g4 Nd7 43. g5 Ne5 44. Rf4+ Kg8 45. dxe5 Ra2 46. Nd3 b5 47. Rb4 1-0

[Event "BCF-chTb 1920 (4NCL)"]
[Site "Daventry"]
[Date "2020.02.09"]
[Round "6.62"]
[White "Sarakauskas, Gediminas"]
[Black "Navarro Cia, Miguel"]
[Result "1-0"]
[WhiteElo "2433"]
[BlackElo "2256"]
[PlyCount "77"]
[EventDate "2019.11.09"]
[EventType "team-tourn"]
[EventRounds "11"]
[EventCountry "ENG"]
[SourceTitle "CBM 194 Extra"]
[Source "ChessBase"]
[SourceDate "2020.03.31"]
[SourceVersion "1"]
[SourceVersionDate "2020.03.31"]
[SourceQuality "1"]
[WhiteTeam "Guildford II"]
[BlackTeam "Barbican II"]
[WhiteTeamCountry "ENG"]
[BlackTeamCountry "ENG"]

1. e4 Nf6 2. e5 Nd5 3. d4 d6 4. c4 Nb6 5. exd6 cxd6 6. Nc3 g6 7. Be3 Bg7 8. Rc1 0-0 9. b3 Bf5 10. Be2 d5 11. c5 Nc8 12. Bf3 e5 13. Bxd5 exd4 14. Bxb7 dxe3 15. Qxd8 Rxd8 16. Bxa8 Na6 17. Nge2 Ne7 18. Be4 Nxc5 19. Bxf5 Nxf5 20. 0-0 exf2+ 21. Rxf2 Nd3 22. Rd1 Bd4 23. Nxd4 Nxf2 24. Kxf2 Rxd4 25. Rxd4 Nxd4 26. Ke3 Nc2+ 27. Kd2 Nb4 28. a3 Nc6 29. Kd3 Kf8 30. Nd5 h5 31. b4 Ke8 32. b5 Nd8 33. Kd4 Kd7 34. Ke5 Ne6 35. Kf6 Kd6 36. b6 Kxd5 37. bxa7 Nc7 38. Kxf7 g5 39. Kg6 1-0